TOP 10 des prénoms des garçons les plus nuls au foot - Statistiques

Statistiques générales
  • Ce quiz a été pris 898 fois
  • Le résultat moyen est 3 sur 10
Statistiques - réponses
TOP Prénoms % Correct
6 Léo
52%
1 Nathan
43%
5 Enzo
35%
10 Maxime
30%
9 Antoine
29%
2 Clément
22%
8 Valentin
21%
7 Gabin
18%
3 Jordan
17%
4 Marius
13%
Aucun quiz correspondant
Distribution des résultats
% des personnes avec chaque résultat
Percentile par nombre de réponses
Votre historique - résultats
Vous n’avez pas pris ce quiz